00357 a2200133 4500020001800000050002100018100002700039245006500066250001200131264003200143300001200175500002000187650001600207 a9781405799935 aKD 2079 COM 2016 aWalmsley Keitheeditor aButterworths company law handbook.cedited by Keith Walmsley a13th ed aLondon :bLexisNexis,c2016 a3787p.: aIncludes index. acompany law